000 01353nam a2200121Ia 4500
008 220615s9999||||xx |||||||||||||| ||und||
245 0 _aImpact of Agricultural Practices on Biodiversity of Soil Invertebrates
546 _aEnglish[eng]
650 _asoil biota||invertebrates||farming systems||bioenergy||biodiversity||wheat||ecosystem||axonchium||helicotylenchus||tylenchorhynchus||pratylenchus||reniform||vertosol||gossypium||Gossypium||Zea mays||vertisol||Lumbricidae||Aporrectodea caliginosa||Aporrectodea rosea||phosphorus fertilizers||phosphorus-solubilizing microorganisms||renewable resources||heavy metals||Luvisols||ground-dwelling arthropods||pitfall traps||cover crops||ecosystem services||natural enemies||pear pests||biological control||soil organic matter||soil pH||post-harvest residues||crop rotation||Hordeum vulgare L.||Vicia faba L. ssp. minor||soil biodiversity||vineyard||co-occurrence patterns||soil moisture||soil temperature||vineyard management||traditional management||sustainable agriculture||management intensity||South Tyrol||mountain agriculture||soil||soil properties||macrofauna||earthworms||sustainability||soil invertebrates||bioindicators||soil quality||mesofauna||soil degradation||land management
700 _aBocchi, Stefano||Orlando, Francesca
856 _uhttps://mdpi.com/books/pdfview/book/3262
942 _cEB
999 _c11751
_d11751